[Event "Klatov Bazar Besiny Cup 2018"]
[Site "Klatovy"]
[Date "2018.07.03"]
[Round "4"]
[White "Jurek, Josef"]
[Black "Vevera, Radek"]
[Result "1-0"]
[WhiteElo "2277"]
[BlackElo "2064"]
[Annotator "NA"]
[PlyCount "51"]
[EventDate "2018.07.01"]
[EventType "swiss"]
[EventCountry "CZE"]
[SourceTitle "playchess.com"]
[Source "ChessBase"]
[SourceQuality "1"]
[TimeControl "40/7200:0"]

1. d4 {[%emt 0:00:00]} Nf6 {[%emt 0:00:00]} 2. Nf3 {[%emt 0:00:00]} g6 {[%emt 0:00:00]} 3. c4 {[%emt 0:00:00]} Bg7 {[%emt 0:00:00]} 4. g3 {[%emt 0:00:00]} O-O {[%emt 0:00:00]} 5. Bg2 {[%emt 0:00:00]} c5 {[%emt 0:01:36]} 6. Nc3 {[%emt 0:00:00]} cxd4 {[%emt 0:03:49]} 7. Nxd4 {[%emt 0:00:00]} Qc7 {[%emt 0:02:43]} 8. b3 {[%emt 0:00:00]} d5 {[%emt 0:00:58]} 9. Ndb5 {[%emt 0:00:31]} Qa5 {[%emt 0:01:04]} 10. Bd2 {[%emt 0:00:00]} dxc4 {[%emt 0:02:28]} 11. bxc4 {[%emt 0:00:00]} Nc6 {[%emt 0:05:44]} 12. Nd5 {[%emt 0:07:26]} Qd8 {[%emt 0:00:00]} 13. O-O {[%emt 0:02:56]} Bf5 {[%emt 0:16:34]} 14. Bc3 {[%emt 0:06:45]} Rc8 {[%emt 0:04:19]} 15. Rc1 {[%emt 0:14:56]} Qd7 {[%emt 0:17:23]} 16. Qb3 {[%emt 0:13:34]} Nxd5 {[%emt 0:04:38]} 17. cxd5 {[%emt 0:06:32]} Ne5 {[%emt 0:03:58]} 18. f4 {[%emt 0:07:25]} Rc5 {[%emt 0:08:41]} 19. Nxa7 {[%emt 0:05:08]} Ra8 {[%emt 0:02:57]} 20. fxe5 {[%emt 0:08:24]} Rxa7 {[%emt 0:00:08]} 21. e6 {[%emt 0:08:43]} Qc7 {[%emt 0:08:04]} 22. exf7+ {[%emt 0:02:14]} Kf8 {[%emt 0:00:00]} 23. Bxg7+ {[%emt 0:01:06]} Kxg7 {[%emt 0:00:00]} 24. Qe3 {[%emt 0:02:09]} Rxc1 {[%emt 0:02:28]} 25. Rxc1 {[%emt 0:00:53]} Qb8 {[%emt 0:00:00]} 26. g4 {[%emt 0:02:25]} 1-0

[Event "Klatov Bazar Besiny Cup 2018"]
[Site "Klatovy"]
[Date "2018.07.03"]
[Round "4"]
[White "Formanek, Martin"]
[Black "Kaderabek, Jiri"]
[Result "1/2-1/2"]
[WhiteElo "2267"]
[BlackElo "2125"]
[Annotator "NA"]
[PlyCount "39"]
[EventDate "2018.07.01"]
[EventType "swiss"]
[EventCountry "CZE"]
[SourceTitle "playchess.com"]
[Source "ChessBase"]
[SourceQuality "1"]
[TimeControl "40/7200:0"]

1. Nf3 {[%emt 0:00:00]} Nf6 {[%emt 0:00:00]} 2. g3 {[%emt 0:00:00]} d5 {[%emt 0:00:00]} 3. Bg2 {[%emt 0:00:00]} c6 {[%emt 0:00:00]} 4. O-O {[%emt 0:00:00]} Bf5 {[%emt 0:00:00]} 5. c4 {[%emt 0:00:00]} Nbd7 {[%emt 0:01:42]} 6. d3 {[%emt 0:02:03]} dxc4 {[%emt 0:05:17]} 7. dxc4 {[%emt 0:03:16]} e5 {[%emt 0:12:59]} 8. Nc3 {[%emt 0:11:53]} Be7 {[%emt 0:07:15]} 9. b3 {[%emt 0:05:52]} h6 {[%emt 0:06:13]} 10. h3 {[%emt 0:05:13]} Bh7 {[%emt 0:04:45]} 11. Be3 {[%emt 0:04:35]} O-O {[%emt 0:03:24]} 12. Qc1 {[%emt 0:05:00]} Qc7 {[%emt 0:06:17]} 13. Qb2 {[%emt 0:03:35]} Rfe8 {[%emt 0:04:46]} 14. b4 {[%emt 0:02:41]} Ne4 {[%emt 0:04:54]} 15. Nd2 {[%emt 0:03:13]} Nxd2 {[%emt 0:00:26]} 16. Bxd2 {[%emt 0:00:00]} Nb6 {[%emt 0:14:24]} 17. c5 {[%emt 0:12:26]} Nc4 {[%emt 0:00:00]} 18. Qc1 {[%emt 0:00:00]} Nxd2 {[%emt 0:08:37]} 19. Qxd2 {[%emt 0:00:00]} a5 {[%emt 0:00:00]} 20. a3 {[%emt 0:00:18]} 1/2-1/2

[Event "Klatov Bazar Besiny Cup 2018"]
[Site "Klatovy"]
[Date "2018.07.03"]
[Round "4"]
[White "Kopta, Pavel"]
[Black "Simek, Petr"]
[Result "1/2-1/2"]
[WhiteElo "2210"]
[BlackElo "2354"]
[Annotator "NA"]
[PlyCount "24"]
[EventDate "2018.07.01"]
[EventType "swiss"]
[EventCountry "CZE"]
[SourceTitle "playchess.com"]
[Source "ChessBase"]
[SourceQuality "1"]
[TimeControl "40/7200:0"]

1. d4 {[%emt 0:00:00]} d5 {[%emt 0:00:00]} 2. c4 {[%emt 0:00:00]} c6 {[%emt 0:00:00]} 3. Nf3 {[%emt 0:00:00]} Nf6 {[%emt 0:00:00]} 4. Nc3 {[%emt 0:00:00]} e6 {[%emt 0:00:00]} 5. cxd5 {[%emt 0:00:00]} exd5 {[%emt 0:00:00]} 6. Bg5 {[%emt 0:00:00]} Nbd7 {[%emt 0:00:00]} 7. e3 {[%emt 0:00:00]} h6 {[%emt 0:00:00]} 8. Bh4 {[%emt 0:00:00]} g5 {[%emt 0:00:00]} 9. Bg3 {[%emt 0:00:00]} Nh5 {[%emt 0:00:00]} 10. Bd3 {[%emt 0:00:00]} Nxg3 {[%emt 0:00:00]} 11. hxg3 {[%emt 0:00:00]} Bg7 {[%emt 0:00:00]} 12. Qc2 {[%emt 0:00:00]} Nb6 {[%emt 0:00:00]} 1/2-1/2

[Event "Klatov Bazar Besiny Cup 2018"]
[Site "Klatovy"]
[Date "2018.07.03"]
[Round "4"]
[White "Tscharotschkin, Michael"]
[Black "Parizek, Vojtech"]
[Result "0-1"]
[WhiteElo "2124"]
[BlackElo "2242"]
[Annotator "NA"]
[PlyCount "44"]
[EventDate "2018.07.01"]
[EventType "swiss"]
[EventCountry "CZE"]
[SourceTitle "playchess.com"]
[Source "ChessBase"]
[SourceQuality "1"]
[TimeControl "40/7200:0"]

1. e4 {[%emt 0:00:00]} c5 {[%emt 0:00:00]} 2. c3 {[%emt 0:00:00]} d5 {[%emt 0:00:00]} 3. exd5 {[%emt 0:00:00]} Qxd5 {[%emt 0:00:00]} 4. d4 {[%emt 0:00:00]} Nc6 {[%emt 0:00:00]} 5. Nf3 {[%emt 0:00:00]} Bf5 {[%emt 0:00:00]} 6. Na3 {[%emt 0:03:26]} cxd4 {[%emt 0:00:00]} 7. Nb5 {[%emt 0:07:28]} O-O-O {[%emt 0:02:55]} 8. cxd4 {[%emt 0:02:00]} e5 {[%emt 0:05:35]} 9. Nc3 {[%emt 0:06:26]} Qa5 {[%emt 0:09:49]} 10. Bb5 {[%emt 0:10:01]} exd4 {[%emt 0:09:11]} 11. O-O {[%emt 0:06:53]} dxc3 {[%emt 0:02:07]} 12. Qe2 {[%emt 0:00:00]} Nf6 {[%emt 0:05:35]} 13. Be3 {[%emt 0:06:09]} a6 {[%emt 0:05:22]} 14. Bc4 {[%emt 0:11:35]} b5 {[%emt 0:02:01]} 15. Rfc1 {[%emt 0:01:54]} bxc4 {[%emt 0:03:35]} 16. Qxc4 {[%emt 0:00:09]} Be4 {[%emt 0:01:58]} 17. Rxc3 {[%emt 0:00:16]} Qb5 {[%emt 0:06:58]} 18. Qxf7 {[%emt 0:04:29]} Qd5 {[%emt 0:01:45]} 19. Qa7 {[%emt 0:06:23]} Qd1+ {[%emt 0:04:50]} 20. Ne1 {[%emt 0:00:00]} Qxa1 {[%emt 0:00:27]} 21. Qxa6+ {[%emt 0:00:36]} Kd7 {[%emt 0:00:39]} 22. Bc1 {[%emt 0:04:56]} Bb4 {[%emt 0:03:06]} 0-1

[Event "Klatov Bazar Besiny Cup 2018"]
[Site "Klatovy"]
[Date "2018.07.04"]
[Round "5"]
[White "Krzyzanowski, Marcin"]
[Black "Kopta, Pavel"]
[Result "1-0"]
[WhiteElo "2473"]
[BlackElo "2210"]
[Annotator "ChessBase"]
[PlyCount "81"]
[EventDate "2018.07.01"]
[EventType "swiss"]
[EventCountry "CZE"]
[SourceTitle "playchess.com"]
[Source "ChessBase"]
[SourceQuality "1"]
[TimeControl "40/7200:0"]

1. e4 {[%emt 0:00:00]} c5 {[%emt 0:00:00]} 2. Nf3 {[%emt 0:00:00]} d6 {[%emt 0:00:00]} 3. d4 {[%emt 0:00:00]} cxd4 {[%emt 0:00:00]} 4. Nxd4 {[%emt 0:00:00]} Nf6 {[%emt 0:00:00]} 5. Nc3 {[%emt 0:00:00]} g6 {[%emt 0:00:00]} 6. Be3 {[%emt 0:00:00]} Bg7 {[%emt 0:00:00]} 7. f3 {[%emt 0:00:00]} O-O {[%emt 0:00:00]} 8. Qd2 {[%emt 0:00:00]} Nc6 {[%emt 0:00:00]} 9. O-O-O {[%emt 0:00:00]} d5 {[%emt 0:00:00]} 10. Qe1 {[%emt 0:00:00]} e5 {[%emt 0:00:00]} 11. Nxc6 {[%emt 0:00:00]} bxc6 {[%emt 0:00:00]} 12. exd5 {[%emt 0:00:00]} cxd5 {[%emt 0:00:00]} 13. Bg5 {[%emt 0:00:00]} Bb7 {[%emt 0:02:25]} 14. Bc4 {[%emt 0:07:19]} Qb6 {[%emt 0:12:53]} 15. Bxf6 {[%emt 0:04:51]} Bxf6 {[%emt 0:00:41]} 16. Nxd5 {[%emt 0:03:52]} Bxd5 {[%emt 0:01:28]} 17. Rxd5 {[%emt 0:01:53]} e4 {[%emt 0:29:15]} 18. Rb5 {[%emt 0:08:18]} Qc7 {[%emt 0:02:16]} 19. Qxe4 {[%emt 0:02:52]} Rad8 {[%emt 0:00:07]} 20. Rb7 {[%emt 0:14:47]} Qa5 {[%emt 0:10:07]} 21. c3 {[%emt 0:05:23]} Rc8 {[%emt 0:07:32]} 22. Kb1 {[%emt 0:01:43]} Qc5 {[%emt 0:00:34]} 23. Bb3 {[%emt 0:00:47]} Rcd8 {[%emt 0:00:55]} 24. Qc4 {[%emt 0:02:44]} Qf5+ {[%emt 0:00:13]} 25. Ka1 {[%emt 0:02:18]} Bg7 {[%emt 0:00:11]} 26. Qe4 {[%emt 0:03:56]} Qc5 {[%emt 0:02:08]} 27. Re1 {[%emt 0:04:20]} Kh8 {[%emt 0:03:47]} 28. Rxf7 {[%emt 0:03:21]} Rxf7 {[%emt 0:06:58]} 29. Bxf7 {[%emt 0:00:00]} Qc7 {[%emt 0:00:00]} 30. Bb3 {[%emt 0:02:41]} Qxh2 {[%emt 0:00:09]} 31. g4 {[%emt 0:02:06]} Rf8 {[%emt 0:00:40]} 32. a4 {[%emt 0:01:25]} Qf2 {[%emt 0:02:14]} 33. Re3 {[%emt 0:00:46]} a5 {[%emt 0:04:51]} 34. Ka2 {[%emt 0:01:15]} Qg1 {[%emt 0:01:57]} 35. Qe7 {[%emt 0:01:11]} Qf1 {[%emt 0:05:13]} 36. Qb7 {[%emt 0:00:46]} Bf6 {[%emt 0:02:11]} 37. Qd7 {[%emt 0:07:00]} Qa6 {[%emt 0:02:21]} 38. Re8 {[%emt 0:01:03]} Rxe8 {[%emt 0:00:00]} 39. Qxe8+ {[%emt 0:00:00]} Kg7 {[%emt 0:00:00]} 40. Qf7+ {[%emt 0:00:06]} Kh6 {[%emt 0:00:00]} 41. f4 {[%emt 1:59:37]} 1-0

[Event "Klatov Bazar Besiny Cup 2018"]
[Site "Klatovy"]
[Date "2018.07.04"]
[Round "5"]
[White "Xu, XianLiang"]
[Black "Vyprachticky, David"]
[Result "1/2-1/2"]
[WhiteElo "2430"]
[BlackElo "2301"]
[Annotator "NA"]
[PlyCount "62"]
[EventDate "2018.07.01"]
[EventType "swiss"]
[EventCountry "CZE"]
[SourceTitle "playchess.com"]
[Source "ChessBase"]
[SourceQuality "1"]
[TimeControl "40/7200:0"]

1. c4 {[%emt 0:00:00]} e6 {[%emt 0:07:08]} 2. g3 {[%emt 0:00:00]} d5 {[%emt 0:00:11]} 3. Nf3 {[%emt 0:00:13]} Nf6 {[%emt 0:03:22]} 4. Bg2 {[%emt 0:00:00]} Be7 {[%emt 0:00:11]} 5. b3 {[%emt 0:03:24]} c5 {[%emt 0:02:22]} 6. Bb2 {[%emt 0:02:45]} O-O {[%emt 0:00:27]} 7. O-O {[%emt 0:00:17]} Nc6 {[%emt 0:00:00]} 8. cxd5 {[%emt 0:01:19]} Nxd5 {[%emt 0:00:25]} 9. Nc3 {[%emt 0:03:15]} Nxc3 {[%emt 0:06:44]} 10. Bxc3 {[%emt 0:00:21]} Qc7 {[%emt 0:02:59]} 11. Rc1 {[%emt 0:05:38]} Rd8 {[%emt 0:09:00]} 12. Qc2 {[%emt 0:02:32]} Bd7 {[%emt 0:01:46]} 13. Qb2 {[%emt 0:04:20]} Bf8 {[%emt 0:03:01]} 14. d4 {[%emt 0:01:35]} cxd4 {[%emt 0:00:24]} 15. Nxd4 {[%emt 0:00:00]} Qb6 {[%emt 0:00:16]} 16. Nxc6 {[%emt 0:04:38]} Bxc6 {[%emt 0:00:00]} 17. Bxc6 {[%emt 0:00:00]} bxc6 {[%emt 0:00:00]} 18. Rfd1 {[%emt 0:01:27]} Rxd1+ {[%emt 0:09:46]} 19. Rxd1 {[%emt 0:00:00]} Rd8 {[%emt 0:00:00]} 20. Rxd8 {[%emt 0:01:03]} Qxd8 {[%emt 0:00:00]} 21. Qc2 {[%emt 0:00:00]} Qd5 {[%emt 0:00:00]} 22. e4 {[%emt 0:00:00]} Qc5 {[%emt 0:01:57]} 23. Qd3 {[%emt 0:00:55]} Qa3 {[%emt 0:02:44]} 24. Qd2 {[%emt 0:01:15]} Qe7 {[%emt 0:05:55]} 25. Kg2 {[%emt 0:00:54]} c5 {[%emt 0:01:36]} 26. Qd3 {[%emt 0:02:08]} Qb7 {[%emt 0:02:51]} 27. Kg1 {[%emt 0:04:27]} Be7 {[%emt 0:01:00]} 28. Bb2 {[%emt 0:03:20]} h6 {[%emt 0:00:54]} 29. h4 {[%emt 0:00:34]} Qc6 {[%emt 0:00:12]} 30. Bc3 {[%emt 0:04:09]} Qb7 {[%emt 0:02:06]} 31. Bb2 {[%emt 0:02:28]} Qc6 {[%emt 0:00:51]} 1/2-1/2

[Event "Klatov Bazar Besiny Cup 2018"]
[Site "Klatovy"]
[Date "2018.07.04"]
[Round "5"]
[White "Pulpan, Jakub"]
[Black "Toman, Ondrej"]
[Result "1-0"]
[WhiteElo "2386"]
[BlackElo "2197"]
[Annotator "NA"]
[PlyCount "53"]
[EventDate "2018.07.01"]
[EventType "swiss"]
[EventCountry "CZE"]
[SourceTitle "playchess.com"]
[Source "ChessBase"]
[SourceQuality "1"]
[TimeControl "40/7200:0"]

1. e4 {[%emt 0:00:00]} e6 {[%emt 0:00:00]} 2. d4 {[%emt 0:00:00]} d5 {[%emt 0:00:00]} 3. Nc3 {[%emt 0:00:00]} h6 {[%emt 0:00:00]} 4. Bd3 {[%emt 0:10:48]} Bb4 {[%emt 0:02:24]} 5. Nge2 {[%emt 0:03:44]} c5 {[%emt 0:09:49]} 6. exd5 {[%emt 0:04:05]} exd5 {[%emt 0:03:42]} 7. dxc5 {[%emt 0:01:20]} Nf6 {[%emt 0:01:20]} 8. Be3 {[%emt 0:03:34]} Nc6 {[%emt 0:07:07]} 9. Qd2 {[%emt 0:06:02]} O-O {[%emt 0:13:58]} 10. a3 {[%emt 0:01:42]} Qa5 {[%emt 0:04:54]} 11. O-O {[%emt 0:06:47]} Bxc3 {[%emt 0:00:42]} 12. bxc3 {[%emt 0:03:04]} Ng4 {[%emt 0:07:33]} 13. Nf4 {[%emt 0:03:55]} Be6 {[%emt 0:02:27]} 14. Rfe1 {[%emt 0:07:50]} Rac8 {[%emt 0:04:46]} 15. h3 {[%emt 0:04:08]} Nge5 {[%emt 0:03:06]} 16. Nh5 {[%emt 0:03:39]} Qd8 {[%emt 0:29:32]} 17. Bxh6 {[%emt 0:11:16]} Qh4 {[%emt 0:00:00]} 18. Nxg7 {[%emt 0:09:23]} Bxh3 {[%emt 0:02:01]} 19. Nf5 {[%emt 0:01:13]} Qg4 {[%emt 0:00:46]} 20. Ng3 {[%emt 0:01:00]} Bxg2 {[%emt 0:04:11]} 21. Kxg2 {[%emt 0:02:20]} Nf3 {[%emt 0:00:00]} 22. Qf4 {[%emt 0:00:33]} Nxe1+ {[%emt 0:01:51]} 23. Rxe1 {[%emt 0:00:00]} Qxf4 {[%emt 0:00:00]} 24. Bxf4 {[%emt 0:00:00]} Rfe8 {[%emt 0:00:00]} 25. Rh1 {[%emt 0:00:00]} Ne5 {[%emt 0:00:00]} 26. Bh7+ {[%emt 0:00:00]} Kg7 {[%emt 0:00:00]} 27. Nf5+ {[%emt 0:00:00]} 1-0

[Event "Klatov Bazar Besiny Cup 2018"]
[Site "Klatovy"]
[Date "2018.07.04"]
[Round "5"]
[White "Simek, Petr"]
[Black "Palek, Miroslav"]
[Result "1-0"]
[WhiteElo "2354"]
[BlackElo "2153"]
[Annotator "TA"]
[PlyCount "67"]
[EventDate "2018.07.01"]
[EventType "swiss"]
[EventCountry "CZE"]
[SourceTitle "playchess.com"]
[Source "ChessBase"]
[SourceQuality "1"]

{[%evp 18,67,41,32,54,54,68,57,56,58,48,47,58,61,56,31,59,63,68,78,88,81,82,81,75,75,75,74,114,70,95,91,94,88,88,86,91,59,95,91,95,95,95,95,95,94,95,94,99,91,112,87]} 1. d4 d5 2. c4 c6 3. cxd5 cxd5 4. Nc3 Nf6 5. Bf4 Nc6 6. e3 a6 7. Bd3 e6 8. Rc1 Bd6 9. Bxd6 {D10: Slav Defence: 3 cxd5 (without early Nf3) and 3 Nc3} Qxd6 10. f4 {[%cal Bf2f4,Bf4e5][%mdl 32] LiveBook: 63 Games} Nd7 (10... O-O 11. Nf3 Bd7 12. Ne5 Rfc8 13. O-O Be8 14. g4 Nd7 15. g5 Ne7 16. Qf3 b5 {0-1 (35) Volkov,S (2627)-Cori Tello,J (2636) Sitges 2017}) 11. Nf3 {White is slightly better.} f5 12. Ne5 $146 ({Predecessor:} 12. O-O O-O 13. Kh1 Qe7 14. Na4 Nf6 15. Nb6 Rb8 16. Bxa6 Qb4 {½-½ (69) Grigore,G (2501)-Diulger,A (2358) Bucharest 2004}) 12... Ndxe5 13. fxe5 Qe7 14. Qh5+ g6 15. Qh6 Bd7 16. h4 Qf8 17. Qxf8+ Kxf8 18. Kd2 Ke7 19. Ne2 Rac8 20. Rcg1 Nb4 21. Bb1 h5 22. Nf4 Be8 23. Rh3 Bf7 24. Rg3 Rhg8 25. Rg5 Kd7 26. Rh1 Nc6 27. Bd3 Ne7 28. Rg3 {White is better.} Rc7 29. Rc1 Rxc1 30. Kxc1 Rc8+ 31. Kd2 Ke8 32. a3 Kd7 33. Be2 Ra8 34. b4 {Precision: White = 59%, Black = 49%.} 1-0

[Event "Klatov Bazar Besiny Cup 2018"]
[Site "Klatovy"]
[Date "2018.07.04"]
[Round "5"]
[White "Hollan, Martin"]
[Black "Straka, Vojtech"]
[Result "1/2-1/2"]
[WhiteElo "2341"]
[BlackElo "2379"]
[Annotator "NA"]
[PlyCount "32"]
[EventDate "2018.07.01"]
[EventType "swiss"]
[EventCountry "CZE"]
[SourceTitle "playchess.com"]
[Source "ChessBase"]
[SourceQuality "1"]
[TimeControl "40/7200:0"]

1. e4 {[%emt 0:00:00]} c6 {[%emt 0:00:00]} 2. Nf3 {[%emt 0:01:06]} d5 {[%emt 0:00:00]} 3. Nc3 {[%emt 0:00:00]} Bg4 {[%emt 0:01:43]} 4. h3 {[%emt 0:00:26]} Bxf3 {[%emt 0:00:00]} 5. Qxf3 {[%emt 0:00:00]} e6 {[%emt 0:00:00]} 6. d4 {[%emt 0:02:20]} dxe4 {[%emt 0:03:09]} 7. Nxe4 {[%emt 0:06:47]} Qxd4 {[%emt 0:09:05]} 8. c3 {[%emt 0:02:26]} Qb6 {[%emt 0:06:54]} 9. Be3 {[%emt 0:05:54]} Qxb2 {[%emt 0:04:04]} 10. Rd1 {[%emt 0:00:00]} Nd7 {[%emt 0:00:42]} 11. Rxd7 {[%emt 0:00:30]} Kxd7 {[%emt 0:00:00]} 12. Qxf7+ {[%emt 0:00:00]} Ne7 {[%emt 0:00:00]} 13. Nc5+ {[%emt 0:00:00]} Kd8 {[%emt 0:00:00]} 14. Qxe6 {[%emt 0:00:26]} Qb1+ {[%emt 0:00:00]} 15. Kd2 {[%emt 0:00:00]} Qb2+ {[%emt 0:00:00]} 16. Kd3 {[%emt 0:00:00]} Qb1+ {[%emt 0:00:00] Ke4} 1/2-1/2

[Event "Klatov Bazar Besiny Cup 2018"]
[Site "Klatovy"]
[Date "2018.07.04"]
[Round "5"]
[White "Mejzlik, Ondrej"]
[Black "Molkanov, Oleg"]
[Result "1-0"]
[WhiteElo "2287"]
[BlackElo "2051"]
[Annotator "ChessBase"]
[PlyCount "75"]
[EventDate "2018.07.01"]
[EventType "swiss"]
[EventCountry "CZE"]
[SourceTitle "playchess.com"]
[Source "ChessBase"]
[SourceQuality "1"]
[TimeControl "40/7200:0"]

1. c4 {[%emt 0:00:00]} f5 {[%emt 0:00:00]} 2. Nc3 {[%emt 0:00:00]} Nf6 {[%emt 0:00:00]} 3. g3 {[%emt 0:00:00]} g6 {[%emt 0:00:00]} 4. Bg2 {[%emt 0:00:00]} Bg7 {[%emt 0:00:00]} 5. Nf3 {[%emt 0:00:00]} O-O {[%emt 0:00:00]} 6. O-O {[%emt 0:00:00]} d6 {[%emt 0:00:00]} 7. d4 {[%emt 0:00:00]} Nc6 {[%emt 0:00:00]} 8. b3 {[%emt 0:08:23]} e5 {[%emt 0:00:00]} 9. dxe5 {[%emt 0:00:33]} dxe5 {[%emt 0:00:00]} 10. Ba3 {[%emt 0:00:00]} Re8 {[%emt 0:24:45]} 11. Nb5 {[%emt 0:13:24]} Bd7 {[%emt 0:11:37]} 12. Ng5 {[%emt 0:08:30]} e4 {[%emt 0:08:21]} 13. Bb2 {[%emt 0:03:05]} Ne5 {[%emt 0:25:17]} 14. Nc3 {[%emt 0:19:08]} h6 {[%emt 0:11:19]} 15. Nh3 {[%emt 0:00:35]} c6 {[%emt 0:18:56]} 16. Qc2 {[%emt 0:13:54]} Qe7 {[%emt 0:00:13]} 17. Rad1 {[%emt 0:06:54]} Rad8 {[%emt 0:01:09]} 18. f3 {[%emt 0:02:21]} g5 {[%emt 0:07:20]} 19. Nf2 {[%emt 0:01:37]} e3 {[%emt 0:00:49]} 20. Nd3 {[%emt 0:00:00]} Nxd3 {[%emt 0:01:34]} 21. Qxd3 {[%emt 0:01:24]} Qf7 {[%emt 0:04:05]} 22. Bh3 {[%emt 0:08:29]} f4 {[%emt 0:01:22]} 23. Bxd7 {[%emt 0:00:42]} Rxd7 {[%emt 0:02:34]} 24. Qf5 {[%emt 0:00:50]} fxg3 25. hxg3 {[%emt 0:00:29]} Rd2 {[%emt 0:00:01]} 26. Bc1 {[%emt 0:01:02]} Rxd1 {[%emt 0:00:00]} 27. Nxd1 {[%emt 0:00:00]} Qc7 {[%emt 0:00:00]} 28. Kg2 {[%emt 0:00:06]} Nh5 {[%emt 0:00:00]} 29. Qh3 {[%emt 0:00:00]} Nf4+ {[%emt 0:00:02]} 30. gxf4 {[%emt 0:00:00]} gxf4 {[%emt 0:00:00]} 31. Bb2 {[%emt 0:01:08]} Bxb2 {[%emt 0:00:00]} 32. Nxb2 {[%emt 0:00:00]} Qg7+ {[%emt 0:00:00]} 33. Qg4 {[%emt 0:00:00]} Re5 {[%emt 0:00:00]} 34. Qxg7+ {[%emt 0:00:00]} Kxg7 {[%emt 0:00:00]} 35. Nd3 {[%emt 0:00:00]} Rg5+ {[%emt 0:00:00]} 36. Kh3 {[%emt 0:00:00]} Kf6 {[%emt 0:00:00]} 37. Nxf4 {[%emt 0:00:00]} Kf5 {[%emt 0:00:00]} 38. Ng2 {[%emt 0:00:00]} 1-0

[Event "Klatov Bazar Besiny Cup 2018"]
[Site "Klatovy"]
[Date "2018.07.04"]
[Round "5"]
[White "Parizek, Vojtech"]
[Black "Neuman, Petr"]
[Result "0-1"]
[WhiteElo "2242"]
[BlackElo "2432"]
[Annotator "TA"]
[PlyCount "126"]
[EventDate "2018.07.01"]
[EventType "swiss"]
[EventCountry "CZE"]
[SourceTitle "playchess.com"]
[Source "ChessBase"]
[SourceQuality "1"]

{[%evp 24,126,68,63,87,56,74,52,53,51,121,99,120,89,96,20,30,0,0,0,0,0,0,0,0,-29,0,0,-10,-8,0,0,4,-97,-73,-175,-183,-192,-193,-172,-179,-114,-117,-442,-438,-549,-549,-549,-541,-525,-501,-497,-497,-495,-496,-496,-495,-506,-503,-478,-302,-330,-250,-250,-250,-373,-383,-369,-372,-311,-304,-398,-390,-325,-242,-414,-307,-341,-312,-595,-538,-659,-609,-866,-842,-778,-735,-856,-873,-864,-854,-830,-804,-872,-852,-1792,-1632,-12840,-12840,-12843,-12844,-12845,-12845,-12850,-12850]} 1. e4 c5 2. Nf3 d6 3. d4 cxd4 4. Nxd4 Nf6 5. Nc3 Nc6 6. Bg5 Bd7 7. Qd2 Rc8 8. f4 h6 9. Bxf6 {B61: Sicilian: Richter-Rauzer: 6...Bd7 7 Qd2} gxf6 10. Nf5 Qa5 11. Bd3 Nb4 12. a3 Nxd3+ 13. Qxd3 {LiveBook: 4 Games} e6 14. Ne3 Qc5 15. O-O-O h5 16. Rhe1 b5 {[#]} ({Black should try} 16... Kd8 $14) 17. e5 $146 {Threatens to win with Ne4.} f5 18. exd6 Kd8 19. Nf1 (19. Kb1 $16) 19... Bg7 20. Re3 (20. Na2 $142) 20... b4 $11 21. axb4 Qxb4 22. Qa6 Rb8 {[%cal Bc8b8,Bb8b6,Bb6c6][%mdl 32]} 23. Qxa7 Qxb2+ 24. Kd2 Qb6 ({But not} 24... Rc8 $6 25. Qa5+ Ke8 26. Rb1 $16) (24... Rg8 $5 {[%cal Rg7c3]} 25. Ne2 (25. Qc7+ Ke8 $15) 25... Bf8 $11) 25. Qxb6+ Rxb6 26. Rd3 Bc8 27. Ke1 Ba6 {aiming for ...Rc6.} 28. Rh3 (28. Na4 $1 $11 Rc6 29. Ra3) 28... Rc6 $17 29. Nb1 (29. Ne2 $17 {might work better.}) 29... Rxc2 $19 {[%csl Ga6][%cal Rc2e2]} 30. Nbd2 Ra2 $1 31. Ne3 Bd4 $36 {[%mdl 2048] Keeping White busy.} 32. Nec4 f6 33. Rg3 $2 {[%mdl 8192]} (33. Rb3 $17 Kd7 34. Nb6+ Kc6 35. d7) 33... Bxc4 $1 34. Nxc4 Bf2+ 35. Kf1 Bxg3 36. hxg3 {[%mdl 4096] Endgame KRR-KRN} Rc2 37. Nb6 {[#] Ra1 is the strong threat.} Ke8 $1 38. Ra1 {[#] Hoping for Ra8+.} Kf7 $1 39. Ra7+ Kg6 40. Rc7 Rb2 41. Nc4 Rb5 42. Re7 Rc8 43. d7 Rd8 44. Nd6 (44. Rxe6 $142 Kf7 45. Rd6) 44... Rd5 45. Rxe6 Rxd7 46. Nc4 Kf7 47. Re2 Rd4 48. Ne3 Kg6 49. Ra2 $2 (49. Kf2 {was forced.}) 49... Re4 50. Ke2 Rb7 {White must now prevent ...Rb3.} 51. Ra3 $2 (51. Kf3 {was necessary.}) 51... Rb2+ {Black is clearly winning.} 52. Kf3 Rd4 53. Nf1 Rd1 54. Ne3 Rdd2 {[%csl Gb2][%cal Rd2f2]} 55. Nc4 Rf2+ 56. Ke3 Rbe2+ 57. Kd4 Rxg2 58. Ra6 Re7 59. Ra3 {[#]} h4 $1 60. gxh4 Rg4 61. Rf3 Re4+ 62. Kd3 Rexf4 63. Rxf4 Rxf4 {Precision: White = 34%, Black = 74%.} 0-1

[Event "Klatov Bazar Besiny Cup 2018"]
[Site "Klatovy"]
[Date "2018.07.04"]
[Round "5"]
[White "Soural, Jan"]
[Black "Hausner, Ivan"]
[Result "1/2-1/2"]
[WhiteElo "2192"]
[BlackElo "2321"]
[Annotator "NA"]
[PlyCount "52"]
[EventDate "2018.07.01"]
[EventType "swiss"]
[EventCountry "CZE"]
[SourceTitle "playchess.com"]
[Source "ChessBase"]
[SourceQuality "1"]
[TimeControl "40/7200:0"]

1. d4 {[%emt 0:00:00]} e6 {[%emt 0:00:00]} 2. c4 {[%emt 0:00:00]} b6 {[%emt 0:00:00]} 3. e4 {[%emt 0:01:11]} Bb7 {[%emt 0:00:00]} 4. Bd3 {[%emt 0:00:00]} f5 {[%emt 0:00:00]} 5. exf5 {[%emt 0:00:00]} Bb4+ {[%emt 0:00:00]} 6. Kf1 {[%emt 0:02:45]} Nf6 {[%emt 0:00:00]} 7. c5 {[%emt 0:08:53]} bxc5 {[%emt 0:00:00]} 8. a3 {[%emt 0:00:00]} c4 {[%emt 0:00:00]} 9. Bxc4 {[%emt 0:00:00]} Be7 {[%emt 0:01:51]} 10. Qb3 {[%emt 0:11:56]} Bd5 {[%emt 0:00:14]} 11. fxe6 {[%emt 0:12:46]} dxe6 {[%emt 0:02:00]} 12. Nc3 {[%emt 0:00:13]} O-O {[%emt 0:02:47]} 13. Bxd5 {[%emt 0:07:47]} exd5 {[%emt 0:00:00]} 14. Nf3 {[%emt 0:00:00]} Nc6 {[%emt 0:00:21]} 15. Bg5 {[%emt 0:06:56]} Rb8 {[%emt 0:00:37]} 16. Qa4 {[%emt 0:01:45]} Qd6 {[%emt 0:01:24]} 17. b4 {[%emt 0:04:43]} Ne4 {[%emt 0:00:40]} 18. Bxe7 {[%emt 0:04:35]} Nxe7 {[%emt 0:00:00]} 19. Qc2 {[%emt 0:00:25]} Qc6 {[%emt 0:01:56]} 20. Rc1 {[%emt 0:00:00]} a5 {[%emt 0:00:18]} 21. Nxe4 {[%emt 0:13:03]} Qxc2 {[%emt 0:00:26]} 22. Nf6+ {[%emt 0:00:03]} Rxf6 {[%emt 0:00:00]} 23. Rxc2 {[%emt 0:00:00]} axb4 {[%emt 0:00:00]} 24. axb4 {[%emt 0:00:00]} Rxb4 {[%emt 0:00:00]} 25. Ke2 {[%emt 0:00:00]} Nf5 {[%emt 0:01:06]} 26. Rhc1 {[%emt 0:02:53]} Nxd4+ {[%emt 0:01:32]} 1/2-1/2